00725nam a2200217 a 450000100060000000300090000600800410001502000150005604000280007108200170009910000410011624500640015726000460022130000110026749000410027865000340031965000500035365000140040365000440041765000460046118059CO-ViMGA141112s2004 ck r 000 u spa d a9507017763 aCO-ViMGAbspacCO-ViMGA04a370.15 R671p1 aRosas, Ricardo; Sebastian, Christian10aPiaget , Vigotski y Maturana . Constructivismo a tres voces aBuenos Aires (Argentina), cAique, c2001 a111.p. aPsicología cognitiva y educación14aCONSTRUCTIVISMO (educación)14aMATURANA, HUMBERTO - CRITICA E INTERPRETACION14aPEDAGOGIA14aPIAGET, JEAN - CRITICA E INTERPRETACION14aVIGOTSKI, LIEV - CRITICA E INTERPRETACION